000 01012cam a22003137a 4500
003 CHAP
005 20220329134521.0
008 971013s1964 r 00010 d
010 _a21485
011 _a22457
035 _a26552
040 _cCHAP
082 _a595.7
_bB67 1964
100 0 0 _aBorror, Donald J.
_913948
245 1 3 _aAn introduction to the study of insects
260 _aNew York :
_bHolt,
_c1964
300 _a819 p.
_b: ilus.
590 _aBATCH-UPD
_b10
_c20130110
_lUCH01
_h0014
590 _aBATCH-UPD
_b10
_c20130110
_lUCH01
_h2105
590 _aBATCH-UPD
_b10
_c20130410
_lUCH01
_h1417
590 _aBATCH-UPD
_b10
_c20130914
_lUCH01
_h0701
590 _aCONVERSION
_b10
_c20130109
_lUCH01
_h1313
650 1 4 _aEntomología.
_937113
700 0 _aDeLong, Dwight M.
_931703
901 _aBK
942 _cLIBRO
949 _a595.7 B67 1964
_bBC
_cLIBRO
_d33724000371845
_eLIBRO
_h15479
_i26552
_si
_t262.00
949 _a595.7 B67 1964
_bBC
_cLIBRO
_d33724000398442
_eLIBRO
_fc.2
_h29042
_i26552
_si
_t262.00
999 _c21485
_d21485